A decade of agricultural development in India / (Record no. 132011)

MARC details
000 -LEADER
fixed length control field 00608nam a22002177a 4500
005 - DATE AND TIME OF LATEST TRANSACTION
control field 20170124110146.0
010 ## - LIBRARY OF CONGRESS CONTROL NUMBER
LC control number 450631
020 ## - INTERNATIONAL STANDARD BOOK NUMBER
Terms of availability 12.50
035 ## - SYSTEM CONTROL NUMBER
System control number 450631
037 ## - SOURCE OF ACQUISITION
Source of stock number/acquisition Cen Lib/Ret
040 ## - CATALOGING SOURCE
Original cataloging agency DPL
Language of cataloging EN
082 ## - DEWEY DECIMAL CLASSIFICATION NUMBER
Classification number 630.954
Item number SHR
100 ## - MAIN ENTRY--PERSONAL NAME
Personal name Shrinivasan, M.
9 (RLIN) 33467
245 ## - TITLE STATEMENT
Title A decade of agricultural development in India /
Statement of responsibility, etc by M.Shrinivasan
260 ## - PUBLICATION, DISTRIBUTION, ETC. (IMPRINT)
Name of publisher, distributor, etc M.R.Sinha
Place of publication, distribution, etc Bombay
Date of publication, distribution, etc 1965
270 ## - ADDRESS
Address Jaiprakash Road
City Bombay
300 ## - PHYSICAL DESCRIPTION
Extent 164p.
Dimensions 19cm(Hb)
650 ## - SUBJECT ADDED ENTRY--TOPICAL TERM
Topical term or geographic name as entry element Agriculture
9 (RLIN) 15548
650 ## - SUBJECT ADDED ENTRY--TOPICAL TERM
Topical term or geographic name as entry element Agriculture and state
9 (RLIN) 18334
942 ## - ADDED ENTRY ELEMENTS (KOHA)
Source of classification or shelving scheme Dewey Decimal Classification
Koha item type English Books
Classification part 630.954
Call number suffix SHR
Holdings
Withdrawn status Lost status Damaged status Not for loan Home library Current library Date acquired Source of acquisition Cost, normal purchase price Total Checkouts Full call number Barcode Date last seen Copy number Cost, replacement price Price effective from Koha item type Public note
Written off       Central Library Central Library 16/07/2015 Cen Lib/Ret 12.50   630.954 SHR 450631 16/07/2015 1 12.50 16/07/2015 English Books Written off on approval by DLB (By Circulation); dtd 15-06-2023

© Delhi Public Library
Hit Counter
free hit counter